<?xml version="1.0" encoding="UTF-8"?><?xml-stylesheet type="text/xsl" href="static/style.xsl"?><OAI-PMH xmlns="http://www.openarchives.org/OAI/2.0/" xmlns:xsi="http://www.w3.org/2001/XMLSchema-instance" xsi:schemaLocation="http://www.openarchives.org/OAI/2.0/ http://www.openarchives.org/OAI/2.0/OAI-PMH.xsd"><responseDate>2026-06-29T08:21:10Z</responseDate><request verb="GetRecord" identifier="oai:docta.ucm.es:20.500.14352/45846" metadataPrefix="marc">https://docta.ucm.es/rest/oai/request</request><GetRecord><record><header><identifier>oai:docta.ucm.es:20.500.14352/45846</identifier><datestamp>2023-07-05T01:51:35Z</datestamp><setSpec>com_20.500.14352_14</setSpec><setSpec>col_20.500.14352_20</setSpec></header><metadata><record xmlns="http://www.loc.gov/MARC21/slim" xmlns:dcterms="http://purl.org/dc/terms/" xmlns:xsi="http://www.w3.org/2001/XMLSchema-instance" xmlns:doc="http://www.lyncode.com/xoai" xsi:schemaLocation="http://www.loc.gov/MARC21/slim http://www.loc.gov/standards/marcxml/schema/MARC21slim.xsd">
   <leader>00925njm 22002777a 4500</leader>
   <datafield ind2=" " ind1=" " tag="042">
      <subfield code="a">dc</subfield>
   </datafield>
   <datafield ind2=" " ind1=" " tag="720">
      <subfield code="a">Flores Doña, Mª Sierra</subfield>
      <subfield code="e">author</subfield>
   </datafield>
   <datafield ind2=" " ind1=" " tag="260">
      <subfield code="c">2011-05-25</subfield>
   </datafield>
   <datafield ind2=" " ind1=" " tag="520">
      <subfield code="a">El consumidor prototipo europeo vendrá determinado por aquella persona física, cuya formación le proporciona capacidad para conocer y comprender la información que ponen a su disposición los agentes económicos, así como la habilidad precisa para evitar o remediar el engaño o la confusión. Este es el significado que se infiere de la Propuesta de Directiva del Parlamento y del Consejo (en adelante, PDC) sobre  los derechos del consumidor, cuya aplicación se prevé para los contratos de compraventa de mercancías en sentido amplio (bienes muebles tangibles e intangibles) y siempre que la oferta, la negociación y/o la celebración se realice a distancia (distance contract) o fuera de establecimiento ( off-premises contracts) [art. 2 de la PDC).
En el catálogo de materias reguladas nuestra atención parte del significado de la Directiva en el contexto del comercio transfronterizo on line; centrándose en el significado del consumidor y la relevancia de la información y de la formación como elementos de caracterización implícitos del consumidor cualificado, que se  tipifica en la nueva Directiva.</subfield>
   </datafield>
   <datafield ind1="8" ind2=" " tag="024">
      <subfield code="a">https://hdl.handle.net/20.500.14352/45846</subfield>
   </datafield>
   <datafield ind2="0" ind1="0" tag="245">
      <subfield code="a">El consumidor cualificado e informado en la compraventa  on line intracomunitaria</subfield>
   </datafield>
</record></metadata></record></GetRecord></OAI-PMH>